00406nam a22001337a 450000500170000000800410001704100130005808200130007110000130008424500450009726000760014230000280021865000260024620240508143835.0240508b |||||||| |||| 00| 0 eng d aEnglish  a349 LAW  lEnglish  aThe Law Reports: Queen's Bench Division  aLondon: bThe Incorporated Council of Law for England and Wales, c1974 bxx, 849 pages; c25 cm. aLegal practice bLaw